Quiz sur Harry Potter - Statistiques

Statistiques générales
  • Ce quiz a été pris 377 fois
  • Le résultat moyen est 9 sur 10
Statistiques - réponses
Question Réponse % Correct
Qui est le personnage principal ? Harry Potter
100%
Qui est l'auteur ou l'autrice des livres ? J.K. Rowling
100%
Albus Dumbledore est... Le directeur de Poudlard
96%
Comment s'appellent les trois objets du conte des trois frères ? Les Reliques de la Mort
96%
Qui est le plus grand ennemi de Harry ? Lord Voldemort
96%
Quelle est la voie de train que les jeunes sorciers empruntent pour se rendre à Poudlard ? La voie 9 3/4
92%
Quel est le titre du 4ème roman et du 4ème film ? Harry Potter et la Coupe de Feu
90%
Comment s'appelle la maison des Weasley ? Le Terrier
85%
Où habitent Harry et les Dursley ? 4, Privet Drive
82%
Où se situe Poudlard ? En Ecosse
58%
Aucun quiz correspondant
Distribution des résultats
% des personnes avec chaque résultat
Percentile par nombre de réponses
Votre historique - résultats
Vous n’avez pas pris ce quiz